000 00806nam a22002297a 4500
005 20090828111316.0
008 090828t xxu||||| |||| 00| 0 eng d
010 _aENG-94945
020 _c350.00
_a9788190862226
035 _aEN-78478
037 _bDBAD / PUB
040 _adpl
_bEnglish
082 _a363.2
100 _aBasu, P.K.
245 _aPolice in crisis /
_cby P.K. Basu
260 _aKolkata
_bAruna Prakashan
_c2009
270 _a2, Kalidas Singha Lane,
_bKolkata
_e700009
300 _axxiii, 214p.
_c23cm(Hb)
650 _aPolice
_xCommunity relations
942 _2ddc
_cEN
_mBAS
_h363.2
999 _c29722
_d29722